| 000 | 00808cam5a220025300 4500 | ||
|---|---|---|---|
| 001 | lce00791278 | ||
| 008 | 730404s1973 njua 000 0 eng | ||
| 010 | _a 72097892 //r81 | ||
| 020 | _a0871284790 | ||
| 020 |
_c _2.95 |
||
| 035 | _a(Sirsi) r104790 | ||
| 035 | _a(DLC) 72097892 //r81 | ||
| 035 | _a(UPRA)lce00791278 | ||
| 043 | _aa-cc--- | ||
| 050 | 0 |
_aDS711 _b.P47 |
|
| 082 | _a915.1/04/5 | ||
| 100 | 1 |
_aPhillips, Warren H. _6A61832.1 |
|
| 245 | 1 | 0 |
_aChina: behind the mask, _cby Warren H. Phillips and Robert Keatley. |
| 260 |
_aPrinceton, N.J., _bDow Jones Books _c[1973] |
||
| 651 | 0 |
_aChina -- Description and travel. _xChina -- Description and travel. _6S22038.1 |
|
| 700 | 1 |
_aKeatley, Robert. _6A61833.1 |
|
| 949 |
_aDS711 _wlcc _i33729000786728 _mMAIN _tBOOK _lON-SHELF |
||
| 004 | 104790 | ||
| 999 |
_c164925 _d164925 |
||